Paleontología estratigráfica / (Record no. 101707)

MARC details
000 -LEADER
campo de control de longitud fija 00855nam a2200205 i 4500
001 - NÚMERO DE CONTROL
campo de control 101707
003 - IDENTIFICADOR DE NÚMERO DE CONTROL
campo de control ES-MaACL
005 - FECHA Y HORA DE LA ÚLTIMA TRANSACCIÓN
campo de control 20250809152158.0
007 - CAMPO FIJO DE DESCRIPCIÓN FÍSICA--INFORMACIÓN GENERAL
campo de control de longitud fija t|
008 - DATOS DE LONGITUD FIJA--INFORMACIÓN GENERAL
campo de control de longitud fija 051021s1983 sp ||||1| spa d
020 ## - NÚMERO INTERNACIONAL ESTÁNDAR DEL LIBRO
Número Internacional Estándar del Libro 84-283-1238-9
100 1# - ENTRADA PRINCIPAL--NOMBRE DE PERSONA
Nombre de persona Meléndez, Bermudo,
Fechas asociadas al nombre 1912-1999
9 (RLIN) 79905
245 10 - MENCIÓN DEL TÍTULO
Título Paleontología estratigráfica /
Mención de responsabilidad, etc. Bermudo Meléndez.
260 ## - PUBLICACIÓN, DISTRIBUCIÓN, ETC.
Lugar de publicación, distribución, etc. Madrid :
Nombre del editor, distribuidor, etc. Paraninfo,
Fecha de publicación, distribución, etc. 1983.
300 ## - DESCRIPCIÓN FÍSICA
Extensión 4 v. :
Otras características físicas principalmente il. ;
Dimensiones 12 cm.
505 8# - NOTA DE CONTENIDO CON FORMATO
Nota de contenido con formato Contiene: V.I.-- Foraminíferos; Arqueociatos; Celentéreos; Briozoos; Graptolitos. V.II.-- Braquiópodos; Gasterópodos; Pelecípodos (1). V.III.-- Pelecípodos (2); Cefalópodos. V.IV.--Artrópodos; Equinodermos; Vertebrados; Paleobotánica
650 #7 - PUNTO DE ACCESO ADICIONAL DE MATERIA--TÉRMINO DE MATERIA
Término de materia o nombre geográfico como elemento de entrada Paleontología estratigráfica
Fuente del encabezamiento o término embne
9 (RLIN) 164346
852 ## - LOCALIZACIÓN
Ubicación ES-MaACL
Número de control de estantería G-516-9
Sublocalización o colección R.114580
Holdings
Estatus retirado Estado de pérdida Estado de daño No para préstamo Biblioteca de origen Biblioteca actual Ubicación en estantería Fecha de adquisición Fuente de adquisición Total de préstamos Signatura topográfica completa Código de barras Visto por última vez Precio de reemplazo Tipo de ítem Koha
        Biblioteca del Ateneo de Madrid Biblioteca del Ateneo de Madrid Depósito 2 17/01/2008     G-516-9 1106181 23/02/2023 23/02/2023 Libro impreso